01055 2200241 4500001002100000005001500021035002000036245007700056100001100133300003500144260004200179082001200221084001800233020002200251650001600273520037000289008004100659856002500700990002200725990002200747990002200769990002200791INLIS00000000000659220241219020533 a0010-12240003581 aSi Pahit Lidah :bCerita Rakyat Nusantara dari Sumatra Selatan /cDian K0 aDian K a31 hlm. :bilus. ;c20 x 20 cm aJakarta :bBhuana Ilmu Populer,c2023 aK 028.5 aK 028.5 DIA s a978-623-04-1466-4 4aBacaan Anak aSerunting iri pada Aria Tebing yang memiliki kebun jamur emas. Serunting pun berduel dengan Aria Tebing, tetapi dia kalah. Karena malu, Serunting meninggalkan desanya, dan bertemu seorang kakek sakti. Kini Serunting punya kesaktian! Apa yang dia ucapkan akan menjadi kenyataan. Serunting berniat membalas dendam pada Aria Tebing. Apakah niatnya itu akan terlaksana?241219 0  aBacaan Kanak - Kanak a155 221 337 22407 a155 221 337 22408 a155 221 337 22409 a155 221 337 22410